000 00656nam a2200205 a 4500
005 20140412111307.0
008 010425s19uu xx 00 eng d
020 _a0-689-71116-6
050 _aTR(GS 637.1
_bG53 1987
100 _aGibbons, Gail
245 _aThe milk makers /
_cby Gail Gibbons.
260 _aNew York :
_bAladdin Books,
_c1987.
300 _a1v. (unp.) ; ill.
520 _aExplains how cows produce milk and how it is processed before being delivered to stores.
650 _aDairying-Juvenile literature
650 _aDairy cattle-Juvenile literature
650 _aMilk-Juvenile literature
650 _aCows
999 _c103737
_d103737